| 000 | 00765nam a22002177a 4500 | ||
|---|---|---|---|
| 999 |
_c442746 _d442746 |
||
| 003 | UA-OsUOA | ||
| 005 | 20200111150224.0 | ||
| 008 | 191107b un ||||| |||| 00| 0 ukr d | ||
| 040 |
_aUA-OsUOA _bukr _cUA-OsUOA _dUA-OsUOA |
||
| 041 | _aukr | ||
| 080 | _a821.161.1 | ||
| 090 |
_a821.161.1 _bС32 |
||
| 100 | _aСерафимович А. С. | ||
| 245 |
_aЖелезный поток _cА. С. Серафимович; предисл. Е. П. Дрягина |
||
| 260 |
_aСимферополь _bТаврия _c1976 |
||
| 300 | _a171 с. | ||
| 490 | _aШкольная библиотека | ||
| 942 |
_2udc _cBK |
||
| 955 | _a3 | ||